Zayadine Fawzi, Larché François, Dentzer-Feydy Jacqueline, Le Qasr al-Bint de Pétra, L’architecture, le décor, la chronologie et les dieux, Paris, Éd. Recherche sur les civilisations, 2003, 1 vol. 30,5 × 38, 228 p., 140 photos et 3 fig. ds t., 54 pl. de dessins (résumé en anglais). (notice n° 1595737)
[ vue normale ]
| 000 -LEADER | |
|---|---|
| fixed length control field | 00730cam a2200145 4500500 |
| 005 - DATE AND TIME OF LATEST TRANSACTION | |
| control field | 20251228073711.0 |
| 041 ## - LANGUAGE CODE | |
| Language code of text/sound track or separate title | fre |
| 042 ## - AUTHENTICATION CODE | |
| Authentication code | dc |
| 100 10 - MAIN ENTRY--PERSONAL NAME | |
| Personal name | Gawlikowski, Michel |
| Relator term | author |
| 245 00 - TITLE STATEMENT | |
| Title | Zayadine Fawzi, Larché François, Dentzer-Feydy Jacqueline, Le Qasr al-Bint de Pétra, L’architecture, le décor, la chronologie et les dieux, Paris, Éd. Recherche sur les civilisations, 2003, 1 vol. 30,5 × 38, 228 p., 140 photos et 3 fig. ds t., 54 pl. de dessins (résumé en anglais). |
| 260 ## - PUBLICATION, DISTRIBUTION, ETC. | |
| Date of publication, distribution, etc. | 2005.<br/> |
| 500 ## - GENERAL NOTE | |
| General note | 11 |
| 786 0# - DATA SOURCE ENTRY | |
| Note | Revue archéologique | 40 | 2 | 2005-09-01 | p. 365zi-437zi | 0035-0737 |
| 856 41 - ELECTRONIC LOCATION AND ACCESS | |
| Uniform Resource Identifier | <a href="https://shs.cairn.info/revue-archeologique-2005-2-page-365zi?lang=fr&redirect-ssocas=7080">https://shs.cairn.info/revue-archeologique-2005-2-page-365zi?lang=fr&redirect-ssocas=7080</a> |
Pas d'exemplaire disponible.




Réseaux sociaux